| 000 | 10567 a2200721 4500 | ||
|---|---|---|---|
| 005 | 20081112124718.0 | ||
| 008 | 081112t xxu||||| |||| 00| 0 hin d | ||
| 010 | _aB-307239-278 | ||
| 020 | _c250.00 | ||
| 035 | _aB-307239-278 | ||
| 037 | _bवाणी प्रकाशन | ||
| 040 |
_adpl _bhn |
||
| 082 | _a822 | ||
| 100 | _aप्रेमचन्द | ||
| 245 |
_aकर्बला / _cप्रेमचन्द एवं वीणा अग्रवाल |
||
| 260 |
_aनई दिल्ली _bवाणी प्रकाशन _c2007 |
||
| 270 |
_a21-ए, दरियागंज _bनई दिल्ली _cदिल्ली _e110002 |
||
| 300 |
_a200पृ _c22 सेमी (सजिल्द) |
||
| 500 | _aसमान 8181436474 शीर्षक ' निर्मल वर्मा के स्त्री विमर्शःसंदर्भ कथा साहित्य' | ||
| 700 | _aअग्रवाल, वीणा | ||
| 942 |
_adpl _cHN _k/ प्रेमच _2ddc _h822 _mप्रेमच |
||
| 999 |
_c12808 _d12808 |
||